Výběr regulatorních novinek za třetí čtvrtletí roku 2024
Nové predpisy upravujúce oblasť kapitálového trhu, trhu kryptoaktív, kybernetickej bezpečnosti, udržateľnosti, prania špinavých peňazí. ESG, digitalizácia, ochrana spotrebiteľa.
Saved in:
| Main Author: | |
|---|---|
| Format: | Book Chapter |
| Language: | Czech |
| Subjects: | |
| Tags: |
No Tags, Be the first to tag this record!
|
MARC
| LEADER | 00000naa a2200000 4500 | ||
|---|---|---|---|
| 001 | 0306331 | ||
| 005 | 20250121075556.4 | ||
| 041 | 0 | |a cze | |
| 044 | |a CZ | ||
| 245 | 1 | 0 | |a Výběr regulatorních novinek za třetí čtvrtletí roku 2024 |c Tomáš Rýdl |
| 520 | |a Nové predpisy upravujúce oblasť kapitálového trhu, trhu kryptoaktív, kybernetickej bezpečnosti, udržateľnosti, prania špinavých peňazí. ESG, digitalizácia, ochrana spotrebiteľa. | ||
| 610 | 2 | 0 | |a sektor finančný |
| 610 | 2 | 0 | |a regulácia |
| 610 | 2 | 0 | |a predpisy |
| 610 | 2 | 0 | |a trh kapitálový |
| 610 | 2 | 0 | |a bezpečnosť kybernetická |
| 610 | 2 | 0 | |a udržateľnosť |
| 610 | 2 | 0 | |a pranie špinavých peňazí |
| 610 | 2 | 0 | |a ESG |
| 610 | 2 | 0 | |a legislatíva |
| 100 | 1 | |a Rýdl, Tomáš | |